000 00836cam a2200241 4500
001 ABS67883
008 040601n2004 000 0 eng u
035 _a(Sirsi) u126322
100 _aColyer, E.
245 _aAgricultural waste
260 _c2004
490 _aWastes Management
_vMay 2004, 16-19(4)
520 _aTwo articles on agricultural waste. The first, "Fluff and nonsense", describes the possible use for cotton wastage from the clothing industry. The second, "Agricultural waste: forthcoming controls", examines government proposals to tackle the issue of waste control in agriculture.
590 _aABS
590 _aABS
650 _aTEXTILES
650 _aAGRICULTURAL WASTE
650 _aWASTE CONTROL
650 _aLEGISLATION
690 _aWASTE MANAGEMENT
700 _aMitchell, D.
942 _n0
999 _c117420
_d117420